[Event "Tourn. n10305"]
[Site "www.chess-mail.com"]
[Date "2020.03.28"]
[Round "1"]
[White "Ditto"]
[Black "Jackbauer"]
[WhiteElo "2000"]
[BlackElo "1900"]
[Result "1/2-1/2"]
[Round "1"]
1.e4 c5
2.Bf1c4 e6
3.d3 a6
4.Ng1f3 Nb8c6
5.Bc1f4 Bf8e7
6.c3 Ng8f6
7.O-O h6
8.Qd1b3 Nc6a5
9.Qb3a4 O-O
10.Nb1d2 d6
11.Qa4d1 b5
12.Bc4b3 e5
13.Bf4e3 Bc8b7
14.Bb3c2 Nf6g4
15.Qd1e2 Ng4f6
16.Nf3h4 Bb7c8
17.f4 Na5c6
18.Nh4f5 Rf8e8
19.fxe5 Nc6xe5
20.d4 cxd4
21.Be3xd4 Be7f8
22.Nd2f3 Bc8xf5
23.exf5 { draw }
1/2-1/2

[Event "Tourn. n10317"]
[Site "www.chess-mail.com"]
[Date "2020.03.28"]
[Round "1"]
[White "Chessdna"]
[Black "Fereike"]
[WhiteElo "1690"]
[BlackElo "1570"]
[Result "1-0"]
[Round "1"]
1.e4 e6
2.e5 d6
3.Ng1f3 Nb8c6
4.d4 dxe5
5.Bc1e3 exd4
6.Be3f4 Bf8d6
7.Bf4g3 Bd6xg3
8.hxg3  { time }
1-0

[Event "Tourn. n10316"]
[Site "www.chess-mail.com"]
[Date "2020.03.28"]
[Round "1"]
[White "Koudelka"]
[Black "Francesco"]
[WhiteElo "2070"]
[BlackElo "2050"]
[Result "1-0"]
[Round "1"]
1.e4 c6
2.d4 d5
3.exd5 cxd5
4.Ng1f3 Bc8g4
5.Bf1b5 Nb8d7
6.h3 Bg4h5
7.g4 Bh5g6
8.Nf3e5 Qd8a5
9.Nb1c3 Ra8d8
10.Bc1d2 Qa5b6
11.Nc3xd5 { resign }
1-0

[Event "Tournament 01"]
[Site "www.echecsemail.com"]
[Date "2020.03.28"]
[Round "1"]
[White "Koudelka"]
[Black "Fidor"]
[WhiteElo "2140"]
[BlackElo "1719"]
[Result "1-0"]
[Round "1"]
1.e4 e5
2.Ng1f3 Ng8f6
3.Nf3xe5 Nf6xe4
4.f3 f6
5.Nb1c3 Nb8c6
6.fxe4 Bf8b4
7.a3 { resign }
1-0

[Event "Match"]
[Site "www.echecsemail.com"]
[Date "2020.03.28"]
[Round "1"]
[White "Picifarkinca"]
[Black "Fereike"]
[WhiteElo "1620"]
[BlackElo "1570"]
[Result "1-0"]
[Round "1"]
1.d4 c6
2.c4 d5
3.Ng1f3 Ng8f6
4.Nb1c3 dxc4
5.e4 e6
6.Bf1xc4 Nb8d7
7.O-O Bf8e7
8.d5 exd5
9.exd5 Nd7b6
10.Bc4b3 cxd5
11.Bc1f4  { time }
1-0

[Event "Match"]
[Site "www.echecsemail.com"]
[Date "2020.03.28"]
[Round "1"]
[White "Bjonil60"]
[Black "Coraza"]
[WhiteElo "1470"]
[BlackElo "1920"]
[Result "0-1"]
[Round "1"]
1.e4 e5
2.Qd1e2 Ng8f6
3.Nb1c3 Bf8b4
4.Qe2c4 Bb4xc3
5.bxc3 O-O
6.Ng1f3 Nb8c6
 { time }
0-1

[Event "Tourn. n10274"]
[Site "www.chess-mail.com"]
[Date "2020.03.28"]
[Round "1"]
[White "Osopanda"]
[Black "Passaroa25"]
[WhiteElo "1710"]
[BlackElo "1720"]
[Result "1-0"]
[Round "1"]
1.e4 Nb8c6
2.d4 Ng8f6
3.Nb1c3 a6
4.Ng1f3 e6
5.Bf1d3 Bf8e7
6.e5 Nf6d5
7.Nc3xd5 exd5
8.O-O O-O
9.c4 dxc4
10.Bd3xc4 h6
11.Bc1e3 d5
12.Bc4b3 Bc8e6
13.Ra1c1 Be7b4
14.a3 Bb4a5
15.Bb3a4 Be6d7
16.b4 Ba5b6
17.Ba4b3 Nc6e7
18.h3 Bd7b5
19.Rf1e1 Ne7g6
20.a4 Bb5c6
21.Qd1d3 Ra8b8
22.b5 Bc6d7
23.Bb3xd5 Bd7e6
24.Bd5e4 Qd8c8
25.Kh2 a5
26.d5 Be6d7
27.e6 Bd7e8
28.exf7 Be8xf7
29.Be3xb6 Ng6f4
30.Qd3d4 Nf4xd5
31.Be4xd5 c6
32.bxc6 Bf7xd5
33.Qd4xd5 Kh8
34.cxb7 Qc8xb7
35.Qd5xb7 Rb8xb7
36.Rc1c6 Rf8f6
37.Rc6xf6 gxf6
38.Bb6xa5 Kg7
39.Nf3d4 Kf7
40.Ba5c3 Kg6
41.f4 Kf7
42.Nd4f5 Kg6
43.Nf5h4 Kg7
44.Nh4f5 Kf7
45.Re1e7 Rb7xe7
46.Nf5xe7 Kxe7
47.g4 { resign }
1-0

[Event "Tourn. n10256"]
[Site "www.chess-mail.com"]
[Date "2020.03.28"]
[Round "1"]
[White "Osopanda"]
[Black "Passaroa25"]
[WhiteElo "1590"]
[BlackElo "1670"]
[Result "1-0"]
[Round "1"]
1.d4 Ng8f6
2.c4 Nb8c6
3.Ng1f3 d6
4.Nb1c3 Bc8d7
5.e4 Bd7g4
6.Bf1e2 e6
7.O-O Bf8e7
8.e5 dxe5
9.dxe5 Nf6d7
10.Bc1f4 g5
11.Bf4g3 f5
12.exf6 Be7xf6
13.Nc3e4 O-O
14.Ne4xf6 Nd7xf6
15.Qd1a4 Nf6e4
16.Rf1d1 Qd8f6
17.Qa4c2 Bg4f5
18.Qc2a4 Rf8c8
19.Rd1d7 Qf6xb2
20.Ra1e1 g4
21.Nf3h4 Ne4c3
22.Qa4b3 Qb2xb3
23.axb3 Nc3e4
24.Nh4xf5 exf5
25.Bg3xc7 Ne4f6
26.Re1d1 Nf6xd7
27.Rd1xd7 Nc6b8
28.Bc7xb8 Ra8xb8
29.c5 Kh8
30.Be2c4 Rc8xc5
31.h3 h5
32.hxg4 fxg4
33.g3 a6
34.Bc4d3 Rc5c1
35.Kg2 b5
36.Rd7h7 Kg8
37.Rh7xh5 Rc1c3
38.Bd3f5 Kg7
39.Bf5xg4 Rc3xb3
40.f4 Rb3b2
41.Kh3 b4
42.Rh5a5 Rb8b6
43.Bg4c8 Rb6h6
44.Kg4 Rb2h2
45.Bc8xa6 Rh6g6
46.Kf3 Rh2h3
47.Ba6f1 Rg6xg3
48.Ke4 Rh3h1
49.Bf1c4 Rh1e1
50.Kf5 Rg3f3
51.Ra5a7 Kh6
52.Bc4g8 Kh5
53.Ra7h7 
1-0

[Event "Match"]
[Site "www.echecsemail.com"]
[Date "2020.03.29"]
[Round "1"]
[White "Cal"]
[Black "Gambittiger"]
[WhiteElo "1720"]
[BlackElo "2110"]
[Result "0-1"]
[Round "1"]
1.c4 Ng8f6
2.Nb1c3 c5
3.d3 Nb8c6
4.Ng1f3 d5
5.cxd5 Nf6xd5
6.e4 Nd5c7
7.a3 e5
8.h3 Bf8e7
9.Bf1e2 O-O
10.O-O b6
11.Nf3h2 Nc6d4
12.Bc1e3 Bc8e6
13.f4 Be6b3
14.Qd1d2 Nd4c2
15.Ra1c1 Nc2xe3
16.Rf1f3 exf4
17.Rf3xf4 Ne3c4
18.Rf4g4 Nc4xd2
19.Be2f3 Nd2xf3
20.Nh2xf3 Qd8xd3
21.Kh2 f5
22.Nf3e5 Be7d6
23.Nc3d5 Nc7xd5
24.exd5 fxg4
25.Rc1e1 Bd6xe5
26.Re1xe5 g3
27.Kg1 Qd3f1
{ resign }
0-1

[Event "Pariolinius great tourney"]
[Site "www.echecsemail.com"]
[Date "2020.03.29"]
[Round "1"]
[White "Fegatux"]
[Black "Aders1"]
[WhiteElo "2250"]
[BlackElo "2350"]
[Result "0-1"]
[Round "1"]
1.d4 Ng8f6
2.c4 g6
3.g3 Bf8g7
4.Bf1g2 O-O
5.Ng1f3 d6
6.O-O Nb8d7
7.Qd1c2 e5
8.dxe5 Nd7xe5
9.Nf3xe5 dxe5
10.Nb1c3 c6
11.Bc1g5 h6
 { time }
0-1

[Event "Match"]
[Site "www.echecsemail.com"]
[Date "2020.03.29"]
[Round "1"]
[White "Fereike"]
[Black "Picifarkinca"]
[WhiteElo "1570"]
[BlackElo "1620"]
[Result "0-1"]
[Round "1"]
1.e4 d6
2.d4 g6
3.Nb1c3 Bf8g7
4.f3 Nb8d7
5.Bc1e3 e5
6.Qd1d2 Ng8f6
7.O-O-O O-O
8.d5 b6
9.g4 Nd7c5
10.h4 a5
11.Be3xc5 bxc5
 { time }
0-1

[Event "Tourn. n10326"]
[Site "www.chess-mail.com"]
[Date "2020.03.29"]
[Round "1"]
[White "Guidom"]
[Black "Fantomas"]
[WhiteElo "2110"]
[BlackElo "2130"]
[Result "0-1"]
[Round "1"]
1.e4 e5
2.Ng1f3 d6
3.Bf1c4 Bc8g4
4.O-O h6
5.d3 Ng8f6
6.c3 Nb8c6
7.Bc1e3 Bf8e7
8.Qd1b3 O-O
9.Qb3xb7 Nc6a5
10.Qb7a6 Na5xc4
11.Qa6xc4 Bg4xf3
12.gxf3 c5
13.Kh1 Kh8
14.Rf1g1 Nf6h7
15.f4 exf4
16.Be3xf4 Be7g5
17.Bf4xg5 Nh7xg5
18.Nb1d2 f5
19.f4 Ng5h3
20.Rg1f1 Qd8h4
21.Qc4d5 Nh3f2
22.Kg2 Nf2g4
23.Qd5xd6 Ng4e3
24.Kh1 Ne3xf1
25.Ra1xf1 Rf8d8
26.Nd2f3 Qh4h3
27.Qd6a6 Qh3xf1
{ resign }
0-1

[Event "Match"]
[Site "www.echecsemail.com"]
[Date "2020.03.29"]
[Round "1"]
[White "Jesmantiz"]
[Black "Apdash"]
[WhiteElo "2060"]
[BlackElo "2170"]
[Result "0-1"]
[Round "1"]
1.e4 c5
2.Nb1c3 Nb8c6
3.g3 d6
4.Ng1f3 Bc8g4
5.Bf1g2 Nc6d4
6.O-O Ng8f6
7.d3 Qd8d7
8.Bc1e3 Nd4xf3
9.Bg2xf3 h5
10.Bf3xg4 hxg4
11.Kg2 g6
12.d4 cxd4
13.Qd1xd4 Bf8g7
14.Ra1d1 O-O
15.Qd4d3 Qd7e6
16.Rf1e1 Nf6h5
17.a3 Rf8c8
18.Be3d4 Bg7xd4
19.Qd3xd4 Rc8c4
20.Qd4d5 Qe6xd5
21.Rd1xd5 Nh5f6
22.Rd5d3 a6
23.e5 dxe5
24.Re1xe5 Kf8
25.Rd3e3 e6
26.Re3d3 Ke7
27.Rd3d2 Ra8c8
28.Re5e3 b5
29.Rd2d3 Rc8c5
30.Re3e2 a5
31.Rd3d2 b4
32.Nc3a4 Rc5c7
33.b3 Rc4c6
34.axb4 axb4
35.Na4b2 Nf6d7
36.Nb2c4 f5
37.Nc4e3 Kf6
38.Rd2d4 Rc6b6
39.Ne3c4 Rb6a6
40.Nc4d6 Ra6a2
41.Nd6e8 Ke7
42.Ne8xc7 e5
43.Rd4xb4 Ra2a7
44.Nc7d5 Kd6
45.c4 g5
46.Nd5c3 Ra7a1
47.Re2d2 Ke6
48.Nc3a4 f4
49.f3 Nd7f6
50.Rb4b6 Ke7
51.Na4c3 gxf3
52.Kh3 Ra1a8
53.Nc3d5 Nf6xd5
54.cxd5 Kd7
55.Rb6g6 e4
56.Rg6xg5 e3
57.Rd2c2 Ra8h8
58.Kg4 f2
59.Rc2c1 e2
60.Rg5g7 Kd6
61.Rg7g6 Kxd5
62.Rg6g5 Kd6
63.Rg5g6 Kd7
64.Rg6c6 Rh8d8
 { time }
0-1

[Event "Match"]
[Site "www.echecsemail.com"]
[Date "2020.03.29"]
[Round "1"]
[White "Stevep84"]
[Black "Ket"]
[WhiteElo "2280"]
[BlackElo "1970"]
[Result "0-1"]
[Round "1"]
1.e4 c5
2.Bf1c4 Nb8c6
3.Ng1f3 d6
4.d3 Ng8f6
5.O-O e6
6.c3 Bf8e7
7.Bc1e3 O-O
8.Nb1d2 d5
9.exd5 exd5
10.Bc4b3 Bc8e6
11.d4 cxd4
12.Nf3xd4 Qd8c7
13.Nd4xe6 fxe6
14.Nd2f3 Be7d6
15.h3 Ra8e8
16.Rf1e1 a6
17.Be3d4 Kh8
18.Nf3g5 e5
19.Bd4e3 h6
20.Ng5f3 Qc7f7
21.Be3b6 Qf7e6
22.Ra1c1 Re8c8
23.c4 Nc6e7
24.cxd5 Ne7xd5
25.Bb6a5 Rc8xc1
26.Qd1xc1 Qe6f5
27.Bb3c2 Qf5f4
28.Ba5d2 Qf4c4
29.b3 Qc4c7
30.Qc1b2 Rf8c8
31.Bc2b1 Nf6d7
32.Re1c1 Qc7d8
33.Bb1e4 Rc8xc1
34.Qb2xc1 Nd7f6
35.Bd2xh6 Nf6xe4
36.Bh6e3 Qd8c7
37.Qc1e1 Nd5xe3
38.Qe1xe3 Ne4xf2
39.Qe3g5 Nf2d3
40.Qg5h5 Kg8
41.Qh5e8 Bd6f8
42.Qe8g6 e4
43.Nf3g5 Qc7c5
44.Kh1 Nd3f2
45.Kh2 Qc5d6
46.Qg6xd6 Bf8xd6
47.Kg1 e3
48.Kf1 Bd6f4
49.Ng5e6 Nf2d3
50.Ke2 Nd3c1
51.Kd1 e2
52.Ke1 Bf4g3
{ resign }
0-1

[Event "Tourn. n10317"]
[Site "www.chess-mail.com"]
[Date "2020.03.29"]
[Round "1"]
[White "Fereike"]
[Black "Passaroa25"]
[WhiteElo "1570"]
[BlackElo "1690"]
[Result "0-1"]
[Round "1"]
1.e4 Nb8c6
2.Ng1f3 e5
3.Bf1b5 d6
4.d4 f6
5.dxe5 Bc8e6
6.exf6 gxf6
7.O-O Be6f7
8.Nb1c3 Ng8e7
 { time }
0-1

[Event "Tourn. n10299"]
[Site "www.chess-mail.com"]
[Date "2020.03.29"]
[Round "1"]
[White "Jjmcbride"]
[Black "Fereike"]
[WhiteElo "1630"]
[BlackElo "1570"]
[Result "1-0"]
[Round "1"]
1.e4 c5
2.e5 e6
3.d3 d6
4.Ng1f3 Nb8c6
5.Qd1e2 d5
6.c3 Ng8e7
7.a3 Ne7g6
8.Nb1d2  { time }
1-0

[Event "1/32 Finale"]
[Site "www.chess-mail.com"]
[Date "2020.03.29"]
[Round "1"]
[White "Szustan"]
[Black "Gvladutz"]
[WhiteElo "2660"]
[BlackElo "2500"]
[Result "1-0"]
[Round "1"]
1.e4 e6
2.d4 d5
3.e5 c5
4.c3 Qd8b6
5.Ng1f3 Bc8d7
6.Bf1e2 Bd7b5
7.O-O Bb5xe2
8.Qd1xe2 cxd4
9.cxd4 Ng8e7
10.Nb1c3 Nb8c6
11.Qe2d3 Ne7g6
12.g3 Bf8e7
13.Ra1b1 O-O
14.h4 f6
15.h5 Ng6xe5
16.dxe5 fxe5
17.h6 Rf8f7
18.hxg7 Rf7xg7
19.Nc3xd5 exd5
20.Qd3xd5 Kh8
21.Bc1e3 Ra8d8
22.Qd5c4 Qb6b4
23.Qc4xb4 Be7xb4
24.a3 Bb4e7
25.Rf1d1 Rg7g8
26.b4 Be7f6
27.Nf3d2 Rg8g4
28.Kg2 Nc6d4
29.Rb1c1 a6
30.Rc1c7 Rg4g7
31.Rd1c1 Nd4e6
32.Rc7c8 Rg7d7
33.Rc8xd8 Ne6xd8
34.Kf3 Kg7
35.Nd2e4 Bf6e7
36.Ne4c5 Be7xc5
37.bxc5 Nd8c6
38.Ke4 Kf8
39.Rc1c2 Ke8
40.Rc2d2 Rd7g7
41.Rd2d6 Rg7g4
42.Kf5 Rg4g7
43.Rd6e6 Kf7
44.Re6f6 Ke7
45.Be3h6 Rg7g8
46.Rf6d6 Rg8c8
47.Bh6g5 Ke8
48.Bg5f6 Rc8c7
49.Ke4 Kf7
50.Kd5 h5
51.Bf6g5 Kg7
52.Bg5e3 Rc7f7
53.a4 Nc6a5
54.Kxe5 Na5c4
55.Ke6 Rf7f6
56.Kd5 Nc4xe3
57.fxe3 Rf6f5
58.Kd4 Rf5f7
59.e4 Kf8
60.e5 Rf7g7
61.Rd6b6 Rg7d7
62.Ke4 Ke7
63.a5 Rd7c7
64.Kd5 Rc7d7
65.Rb6d6 Rd7c7
66.e6 Ke8
67.c6 bxc6
68.Rd6xc6 Rc7xc6
69.Kxc6 Ke7
70.Kb6 Kxe6
71.Kxa6 Kf5
72.Kb5 Kg4
73.a6 Kxg3
74.a7 h4
75.a8Q h3
76.Qa8h1 h2
77.Kc4 { resign }
1-0

[Event "1/16 Finale"]
[Site "www.chess-mail.com"]
[Date "2020.03.29"]
[Round "1"]
[White "Asoka"]
[Black "Gvladutz"]
[WhiteElo "2700"]
[BlackElo "2540"]
[Result "1-0"]
[Round "1"]
1.Ng1f3 Ng8f6
2.d4 e6
3.c4 b6
4.g3 Bc8a6
5.b3 Bf8b4
6.Bc1d2 Bb4e7
7.Bf1g2 O-O
8.O-O d5
9.cxd5 Nf6xd5
10.Nb1c3 Nb8d7
11.Nc3xd5 exd5
12.b4 c5
13.bxc5 bxc5
14.Rf1e1 Nd7b6
15.dxc5 Be7xc5
16.e3 Ra8c8
17.Bg2h3 Rc8c7
18.Bd2a5 Ba6c8
19.Bh3g2 Bc8f5
20.Ra1c1 Bf5e4
21.Nf3d4 Qd8d7
22.Nd4e2 Be4xg2
23.Kxg2 Rc7c6
24.Qd1d3 Rf8c8
25.Re1d1 Rc6d6
26.Ba5c3 Bc5a3
27.Rc1b1 Rd6h6
28.h4 Ba3e7
29.Bc3d4 Nb6c4
30.Bd4a1 Nc4b6
31.Rb1b5 Rh6c6
32.Ne2f4 Rc6c2
33.Nf4xd5 Nb6xd5
34.Qd3xd5 Qd7xd5
35.Rd1xd5 Rc2xa2
36.Ba1d4 a6
37.Rb5b7 Be7f8
38.g4 a5
39.Rd5d7 f6
40.g5 Ra2d2
41.gxf6 gxf6
42.Kf3 h6
43.Rb7b1 Bf8b4
44.Rb1g1 Kf8
45.Rg1g6 Ke8
46.Rd7a7 Rd2c2
47.Rg6xh6 Rc8c7
48.Rh6h8 Kd7
49.Rh8h7 Kd6
50.Rh7xc7 Rc2xc7
51.Ra7xc7 Kxc7
52.Kg4 a4
53.h5 Bb4f8
54.Kf5 Kc6
55.Kxf6 Kd5
56.Kf7 Bf8h6
57.Kg6 Bh6f8
58.h6 Bf8xh6
59.Kxh6 Ke4
60.f4 Kf5
61.Bd4c5 Ke4
62.Kg6 Kd5
63.Bc5d4 a3
64.f5 { resign }
1-0

[Event "1/128 Finale"]
[Site "www.chess-mail.com"]
[Date "2020.03.29"]
[Round "1"]
[White "Passaroa25"]
[Black "Fereike"]
[WhiteElo "1690"]
[BlackElo "1570"]
[Result "1-0"]
[Round "1"]
1.Ng1f3 Ng8f6
2.g3 g6
3.Bf1g2 d5
4.d4 Bf8g7
5.O-O O-O
6.Nb1d2 Nb8d7
7.c3 c6
8.Nd2b3 Rf8e8
9.Bc1d2  { time }
1-0

[Event "Tourn. n10296"]
[Site "www.chess-mail.com"]
[Date "2020.03.29"]
[Round "1"]
[White "D4minance"]
[Black "Rons"]
[WhiteElo "2880"]
[BlackElo "2620"]
[Result "1-0"]
[Round "1"]
1.e4 c5
2.Ng1f3 d6
3.Bf1b5 Nb8d7
4.O-O a6
5.Bb5d3 Ng8f6
6.Rf1e1 e6
7.c3 b5
8.Bd3c2 c4
9.a4 Bc8b7
10.d4 cxd3
11.Qd1xd3 Nd7c5
12.Qd3e2 bxa4
13.e5 dxe5
14.Nf3xe5 Qd8d5
15.f3 Bf8d6
16.Nb1d2 Bd6xe5
17.Qe2xe5 Qd5xe5
18.Re1xe5 Nf6d7
19.Re5h5 f5
20.Rh5h4 g5
21.Rh4h6 O-O
22.Rh6h5 h6
23.Rh5xh6 Kg7
24.Rh6h3 Nd7e5
25.Nd2f1 f4
26.Rh3h7 Kf6
27.h4 Rf8h8
28.hxg5 Kxg5
29.Rh7c7 Rh8c8
30.Rc7g7 Kf6
31.Rg7h7 Rc8g8
32.Bc1xf4 Ne5xf3
33.Kf2 Nf3e5
34.Rh7h6 Kg7
35.Rh6h4 Ne5d3
36.Ke2 Nd3xf4
37.Rh4xf4 Ra8f8
38.Rf4c4 Rf8c8
39.Nf1e3 Kf6
40.Ra1h1 Bb7xg2
41.Rh1h6 Ke7
42.Rh6h7 Kd6
43.Bc2xa4 Bg2d5
44.Rc4d4 Nc5xa4
45.Rd4xa4 Rc8a8
46.Ra4a5 Rg8b8
47.b4 Rb8b5
48.Ra5a1 a5
49.c4 Rb5xb4
50.cxd5 exd5
51.Rh7h6 Ke5
52.Rh6h5 Kd6
53.Rh5xd5 Ke6
54.Ra1c1 Rb4b6
55.Rc1c4 Ra8h8
56.Rc4e4 Kf7
57.Rd5d7 Kg6
58.Re4e7 Rb6b5
59.Rd7d6 Kh5
60.Ne3d5 Kh4
61.Re7g7 Rb5b2
62.Kd3 Rb2b3
63.Nd5c3 Kh3
64.Rd6g6 { resign }
1-0

[Event "Match"]
[Site "www.echecsemail.com"]
[Date "2020.03.29"]
[Round "1"]
[White "Roma753"]
[Black "Emmanuel69"]
[WhiteElo "2120"]
[BlackElo "1930"]
[Result "1-0"]
[Round "1"]
1.d4 d5
2.Ng1f3 Ng8f6
3.c4 dxc4
4.g3 e6
5.Bf1g2 c6
6.Nf3e5 Nb8d7
7.Ne5xc4 h6
8.O-O Nd7b6
9.Nc4xb6 axb6
10.Nb1c3 g6
11.e3 Bf8g7
12.b3 O-O
13.Bc1b2 Rf8e8
14.e4 Ra8a5
15.e5 Nf6d5
16.Qd1e2 Qd8e7
17.Rf1e1 Qe7b4
18.Nc3e4 Bg7f8
19.h4 Kg7
20.h5 g5
21.Ne4f6 Nd5xf6
22.exf6 Kg8
23.Bg2e4 Bf8d6
24.Be4c2 Re8d8
25.Qe2e4 Kf8
26.Qe4h7 { resign }
1-0

[Event "Match"]
[Site "www.echecsemail.com"]
[Date "2020.03.29"]
[Round "1"]
[White "Chapi"]
[Black "Aiko1603"]
[WhiteElo "2110"]
[BlackElo "2080"]
[Result "1-0"]
[Round "1"]
1.d4 d5
2.c4 c6
3.cxd5 cxd5
4.Nb1c3 Ng8f6
5.Bc1g5 Nf6e4
6.Nc3xe4 dxe4
7.e3 g6
8.Bf1b5 Bc8d7
9.Bb5xd7 Qd8xd7
10.Ng1e2 Bf8g7
11.O-O O-O
12.Qd1b3 b6
13.Ne2c3 Nb8c6
14.Qb3b5 Qd7b7
15.Ra1c1 Ra8c8
16.Nc3d5 f6
17.Bg5f4 e6
18.Rc1xc6 Rc8xc6
19.Qb5xc6 { resign }
1-0

[Event "Match"]
[Site "www.echecsemail.com"]
[Date "2020.03.29"]
[Round "1"]
[White "Tarasch"]
[Black "Storzman"]
[WhiteElo "2230"]
[BlackElo "2280"]
[Result "0-1"]
[Round "1"]
1.d4 g6
2.c4 Bf8g7
3.Nb1c3 c5
4.d5 Bg7xc3
5.bxc3 f5
6.Qd1c2 Ng8f6
7.Ng1f3 d6
8.Nf3d2 Nb8d7
9.e4 Nd7e5
10.h3 f4
11.Bf1e2 O-O
12.Nd2f3 Ne5xf3
13.Be2xf3 Nf6d7
14.O-O Nd7e5
15.Bf3e2 f3
16.Be2d3 fxg2
17.Kxg2 Bc8xh3
18.Kxh3 Rf8f3
19.Kg2 Qd8d7
20.Rf1h1 Qd7g4
21.Kf1 Ra8f8
22.Bc1e3 Rf3xe3
23.Bd3e2 Qg4g5
24.Ra1e1 Rf8xf2
25.Kxf2 Qg5f4
{ resign }
0-1

[Event "Pariolinius great tourney"]
[Site "www.echecsemail.com"]
[Date "2020.03.29"]
[Round "1"]
[White "Ket"]
[Black "Coraza"]
[WhiteElo "2029"]
[BlackElo "1900"]
[Result "1-0"]
[Round "1"]
1.e4 e5
2.Ng1f3 Nb8c6
3.Bf1c4 h6
4.d4 Qd8e7
5.O-O exd4
6.Nf3xd4 b6
7.Nb1c3 Bc8b7
8.Bc1f4 d6
9.Nc3d5 Qe7d7
10.Bc4b5 O-O-O
11.a4 a6
12.Nd4xc6 Bb7xc6
13.Bb5xa6 Kb8
14.a5 b5
15.c4 Ka7
16.cxb5 Bc6xb5
17.Ba6xb5 c6
18.Bf4e3 Kb8
19.Nd5b6 Qd7c7
20.a6 cxb5
21.a7 Kb7
22.a8Q Rd8xa8
23.Qd1d5 Qc7c6
24.Qd5xc6 Kxc6
25.Ra1xa8 Bf8e7
26.Nb6d5 Kd7
27.Ra8a7 Ke6
28.f4 f5
29.Be3d4 Be7f6
30.Nd5xf6 gxf6
31.exf5 Kxf5
32.Ra7a5 Ke4
33.Bd4c3 Rh8h7
34.Ra5xb5 f5
35.Rb5b4 Kd5
36.Rf1d1 Kc5
37.Rd1a1 Kd5
38.Ra1a5 Ke6
39.Rb4b8 Ng8e7
40.Ra5a7 Rh7f7
41.Rb8b7 h5
42.Bc3a5 Ne7c6
43.Rb7xf7 Nc6xa7
44.Rf7xa7 Kd5
45.Ra7h7 Ke4
46.g3 d5
47.Rh7xh5 d4
48.b4 d3
49.b5 Ke3
50.b6 d2
51.Ba5xd2 { resign }
1-0

[Event "Tourn. n10322"]
[Site "www.chess-mail.com"]
[Date "2020.03.30"]
[Round "1"]
[White "Obisporey"]
[Black "Galiany17"]
[WhiteElo "2530"]
[BlackElo "2530"]
[Result "1-0"]
[Round "1"]
1.e4 c5
2.Ng1f3 d6
3.d4 cxd4
4.Nf3xd4 Ng8f6
5.Nb1c3 g6
6.Bc1e3 Bf8g7
7.f3 O-O
8.Qd1d2 Nb8c6
9.O-O-O d5
10.exd5 Nf6xd5
11.Nd4xc6 Bg7xc3
12.Qd2xd5 Qd8xd5
13.Nc6xe7 { resign }
1-0

[Event "Match"]
[Site "www.echecsemail.com"]
[Date "2020.03.30"]
[Round "1"]
[White "Churrasca"]
[Black "Double2dutch"]
[WhiteElo "2370"]
[BlackElo "2370"]
[Result "0-1"]
[Round "1"]
1.e4 c5
2.Ng1f3 e6
3.d4 cxd4
4.Nf3xd4 a6
5.Nb1c3 Qd8c7
6.Bf1d3 Ng8f6
7.O-O Nb8c6
8.Nd4xc6 dxc6
9.Bc1e3 b5
10.a3 c5
 { time }
0-1

[Event "Tourn. n10302"]
[Site "www.chess-mail.com"]
[Date "2020.03.30"]
[Round "1"]
[White "Add"]
[Black "Agmdiazj"]
[WhiteElo "2080"]
[BlackElo "2109"]
[Result "0-1"]
[Round "1"]
1.e4 c5
2.Bf1c4 d6
3.d4 cxd4
4.Qd1xd4 Nb8c6
5.Qd4e3 Ng8f6
6.Nb1c3 e6
7.a3 Bf8e7
8.Qe3g3 O-O
9.Bc1h6 Nf6e8
10.Bh6e3 a6
11.Ng1e2 b5
12.Bc4d3 Bc8b7
13.Ne2f4 Be7h4
14.Qg3g4 Nc6e5
15.Qg4e2 Ne5xd3
16.cxd3 Ra8c8
17.O-O Bh4e7
18.Ra1c1 Ne8f6
19.f3 Nf6d7
20.d4 Nd7b6
21.d5 e5
22.Nf4d3 Nb6c4
23.Rc1c2 Nc4xe3
24.Qe2xe3 f5
25.f4 exf4
26.Nd3xf4 Be7g5
27.Qe3d3 fxe4
28.Qd3xe4 Bg5xf4
29.Rf1xf4 Rf8xf4
30.Qe4xf4 Bb7xd5
31.Rc2d2 Qd8b6
32.Kh1 Rc8f8
33.Qf4xf8 Kxf8
34.Nc3xd5 Qb6c5
{ resign }
0-1

[Event "Tourn. n10309"]
[Site "www.chess-mail.com"]
[Date "2020.03.30"]
[Round "1"]
[White "Bigrezi"]
[Black "Krokolis"]
[WhiteElo "2200"]
[BlackElo "2009"]
[Result "0-1"]
[Round "1"]
1.e4 e6
2.d4 d5
3.Nb1c3 dxe4
4.Nc3xe4 Nb8d7
5.Ng1f3 Ng8f6
6.Bc1g5 Bf8e7
7.Bf1c4 Nf6xe4
8.Bg5xe7 Qd8xe7
9.O-O Qe7b4
10.Bc4b3 Nd7f6
11.c3 Qb4b6
12.Qd1d3 Bc8d7
13.Nf3e5 Ne4d6
14.Rf1e1 O-O-O
15.a4 a5
16.c4 c5
17.Ne5xd7 Rd8xd7
18.Ra1d1 Rh8d8
19.Re1e5 Nd6e4
20.f3 Rd7xd4
21.Qd3e2 Rd4xd1
22.Bb3xd1 Qb6xb2
23.Qe2xb2 Rd8xd1
{ resign }
0-1

[Event "1/64 Finale"]
[Site "www.chess-mail.com"]
[Date "2020.03.30"]
[Round "1"]
[White "Aders1"]
[Black "Destructor"]
[WhiteElo "2350"]
[BlackElo "2540"]
[Result "0-1"]
[Round "1"]
1.Ng1f3 d5
2.g3 Ng8f6
3.Bf1g2 c6
4.O-O Bc8g4
5.d3 Nb8d7
6.Nb1d2 e5
7.e4 dxe4
8.dxe4 Bf8c5
9.h3 Bg4h5
10.Qd1e1 O-O
11.Nd2c4 Rf8e8
12.a4 b5
13.Nc4a5 Qd8c7
14.Bc1g5 Bc5b6
15.Na5b3 a5
16.Nf3h4 h6
17.Bg5e3 Kh7
18.Nh4f5 Bb6xe3
19.Qe1xe3 Nd7b6
20.axb5 a4
21.Nb3d2 cxb5
22.Rf1c1 Bh5g6
23.Nf5h4 Re8c8
24.Nh4xg6 Kxg6
25.c3 Nf6e8
26.Bg2f1 Ne8d6
27.f4 f6
28.Nd2f3 Nb6c4
29.Nf3h4 Kf7
30.Qe3e2 Kg8
31.Rc1e1 Rc8e8
32.Bf1g2 Ra8d8
33.Ra1d1 Nd6f7
34.Nh4f5 Rd8xd1
35.Re1xd1 exf4
36.Qe2g4 Nf7e5
37.Qg4xf4 Nc4xb2
38.Rd1d5 a3
39.Qf4c1 b4
40.Nf5d6 Re8a8
41.Nd6b5 Qc7b6
42.Kh2 a2
43.Qc1a1 Qb6f2
44.cxb4 Ne5f3
45.Kh1 Nf3e1
{ resign }
0-1

[Event "Tourn. n10301"]
[Site "www.chess-mail.com"]
[Date "2020.03.30"]
[Round "1"]
[White "Osopanda"]
[Black "Madz123456"]
[WhiteElo "1840"]
[BlackElo "1790"]
[Result "0-1"]
[Round "1"]
1.e4 e6
2.d4 d5
3.Nb1d2 c5
4.c3 cxd4
5.cxd4 dxe4
6.Nd2xe4 Ng8f6
7.Bc1g5 Bf8e7
8.Ne4xf6 gxf6
9.Bg5f4 Be7b4
10.Bf4d2 Qd8xd4
11.Bd2xb4 Qd4xb4
12.Qd1d2 Nb8c6
13.O-O-O Qb4c5
14.Kb1 e5
15.Ng1f3 Bc8f5
16.Bf1d3 Ra8d8
17.Nf3e1 e4
18.Qd2e2 O-O
19.Bd3c2 Rd8xd1
20.Qe2xd1 Qc5xf2
21.Bc2b3 e3
22.Ne1c2 e2
23.Qd1e1 Rf8d8
{ resign }
0-1

[Event "Tourn. n10334"]
[Site "www.chess-mail.com"]
[Date "2020.03.30"]
[Round "1"]
[White "Ket"]
[Black "Sorim"]
[WhiteElo "2090"]
[BlackElo "2240"]
[Result "1-0"]
[Round "1"]
1.e4 e5
2.Ng1f3 Nb8c6
3.Bf1c4 Bf8c5
4.b4 Bc5xb4
5.c3 Bb4c5
6.d4 exd4
7.O-O Ng8f6
8.cxd4 Bc5e7
9.e5 Nf6e4
10.d5 Nc6a5
11.Qd1e1 Na5xc4
12.Qe1xe4 Nc4b6
13.d6 Be7f8
14.Bc1g5 f6
15.exf6 { resign }
1-0

[Event "1/64 Finale"]
[Site "www.chess-mail.com"]
[Date "2020.03.30"]
[Round "1"]
[White "Pariolinius"]
[Black "Hennie4820"]
[WhiteElo "2000"]
[BlackElo "2180"]
[Result "0-1"]
[Round "1"]
1.e4 c5
2.Ng1f3 e6
3.d4 cxd4
4.Nf3xd4 Ng8f6
5.Nb1c3 d6
6.Bc1e3 a6
7.f3 Qd8c7
8.Qd1d2 Bf8e7
9.O-O-O Nb8c6
10.g4 h6
11.h4 b5
12.g5 hxg5
13.Be3xg5 Bc8b7
14.Rh1g1 Nc6e5
15.Bf1e2 Ra8c8
16.f4 Ne5c4
17.Be2xc4 Qc7xc4
18.Bg5xf6 Be7xf6
19.Nd4e2 b4
20.e5 bxc3
21.Ne2xc3 dxe5
22.Qd2d7 Kf8
23.Qd7xb7 exf4
24.Rg1g4 Bf6xc3
25.bxc3 Qc4xc3
26.Rg4xf4 Qc3xc2

0-1

[Event "Tourn. n10308"]
[Site "www.chess-mail.com"]
[Date "2020.03.30"]
[Round "1"]
[White "Hundegana"]
[Black "Amaya"]
[WhiteElo "1990"]
[BlackElo "1970"]
[Result "1-0"]
[Round "1"]
1.c4 Ng8f6
2.Nb1c3 g6
3.d4 Bf8g7
4.e4 d6
5.Bc1f4 Nb8d7
6.Ng1f3 O-O
7.Bf1e2 Nf6h5
8.Bf4e3 Nh5f6
9.Qd1d2 e5
10.d5 Nd7c5
11.O-O Nc5xe4
12.Nc3xe4 Nf6xe4
13.Qd2c2 Bc8f5
14.Be2d3 Ne4c5
15.Bd3xf5 gxf5
16.Qc2xf5 Qd8f6
17.Qf5xf6 Bg7xf6
18.Be3xc5 dxc5
19.Ra1b1 a6
20.b3 e4
21.Nf3e1 Ra8d8
22.g3 Bf6d4
23.Kg2 f5
24.f3 c6
25.dxc6 bxc6
26.Ne1c2 Bd4c3
27.Rb1d1 exf3
28.Kxf3 Bc3d2
29.Nc2a3 Rd8d3
30.Ke2 Rf8d8
31.Rf1f3 Rd8e8
32.Kxd3 { resign }
1-0

[Event "Tourn. n10319"]
[Site "www.chess-mail.com"]
[Date "2020.03.30"]
[Round "1"]
[White "Vasylpuzanov"]
[Black "Karclop"]
[WhiteElo "1560"]
[BlackElo "1600"]
[Result "0-1"]
[Round "1"]
1.e4 e6
2.d4 d5
3.exd5 exd5
4.Bf1d3 Ng8f6
5.Ng1f3 Bf8d6
6.O-O O-O
7.Rf1e1 c6
8.Bc1g5 { time. }
0-1

[Event "Tourn. n10318"]
[Site "www.chess-mail.com"]
[Date "2020.03.30"]
[Round "1"]
[White "Karclop"]
[Black "Vasylpuzanov"]
[WhiteElo "1600"]
[BlackElo "1560"]
[Result "1-0"]
[Round "1"]
1.e4 e5
2.Ng1f3 Nb8c6
3.Bf1b5 a6
4.Bb5a4 Bf8c5
5.O-O Ng8e7
6.c3 b5
7.Ba4c2 d6
{ time. }
1-0